| 000 | 00832nam a2200265 a 4500 | ||
|---|---|---|---|
| 999 |
_c10367 _d10367 |
||
| 001 | 10367 | ||
| 003 | BD-JhCC | ||
| 005 | 20220825134022.0 | ||
| 008 | 180425s20112015bg |||| |||| 000 0 ben d | ||
| 020 | _a9841803194 | ||
| 035 | _a(BD-JhCC)10367 | ||
| 040 |
_aBD-JhCC _dBD-JhCC |
||
| 041 | _aben | ||
| 082 |
_a398.22 _bARB 2015 |
||
| 245 |
_aআরব্য রজনীর গল্প / _cরকিব হাসান অনুবাদক |
||
| 250 | _a২য় সংস্করণ | ||
| 260 |
_aঢাকা : _bবিশ্ব সাহিত্য কেন্দ্র _c২০১৫. |
||
| 300 |
_a৪ খন্ড : _c১৯ সেমি. |
||
| 650 | _aFairy tales | ||
| 650 | _aChildren's stories | ||
| 650 | _aFolklore | ||
| 651 | _aArabs | ||
| 700 | _aহাসান, রকিব | ||
| 942 |
_2ddc _cBK _0185 |
||